000 00794nam a2200205Ia 4500
005 20241129111343.0
008 241129s9999||||xx |||||||||||||| ||und||
037 _aTB
040 _aCRL
_bpun
_cCRL
041 _apun
_2pun
084 _aO153,3N12:g P8
_qCRL
100 _aਸੁਹਿੰਦਰ ਬੀਰ, ਥਦ।
_9160389
245 0 _aਗਿਆਨੀ ਕੇਸਰ ਸਿੰਘ : ਜੀਵਨ ਅਤੇ ਰਚਨਾ
_cਸੁਹਿੰਦਰ ਬੀਰ, ਥਦ।
260 _aਅੰਮ੍ਰਿਤਸਰ, ਭਾਰਤ
_bਅੰਮ੍ਰਿਤਸਰ ਗੁਰੂ ਨਾਨਕ ਦੇਵ ਯੂਨੀਵਰਸਿਟੀ
_c2008
300 _a176ਪ੍ਰ0
365 _aINR
_b350
650 _aPunjabi LiteratureFiction
942 _cTB
_hO153,3N12:g P8
999 _c1230071
_d1230071